000 00338nam a22001097a 4500
999 _c15223
_d15223
008 200306b ||||| |||| 00| 0 eng d
245 _aSpending for my parents and saving for my retirement.
260 _aPhilippines;
_bPhilippine Daily Inquirer,
_c©2019.
300 _apage B3;
_c29.5cm.
650 _aRetirement.
_942009
942 _2ddc
_cPER